000 00478nam a2200205Ia 4500
003 OSt
005 20241104153225.0
008 210210b1962 xxu||||| |||| 00| 0 eng d
040 _cAL
041 _aeng
082 _a523.1 HYNC
100 _aHYNEK (Allen)
_9184066
245 _aChallenge of the universe
260 _aNY
_bMcGraw-Hill Book Co
_c1962
300 _a143
650 _aUniverse
_9184067
690 _aAstronomy
_9184068
906 _a028920
942 _2ddc
_cBK
999 _c80150
_d80150